Impact of anthropometric factors on outcomes in atrial fibrillation patients analysis on 10 220 patients from the European Society of Cardiology (ESC)-European Heart Rhythm Association (EHRA) EurObservational Research Programme on Atrial Fibrillation (EORP-AF) general long-term registry /

To investigate the association of anthropometric parameters [height, weight, body mass index (BMI), body surface area (BSA), and lean body mass (LBM)] with outcomes in atrial fibrillation (AF).Ten-thousand two-hundred twenty patients were enrolled [40.3% females, median age 70 (62-77) years, followe...

Teljes leírás

Elmentve itt :
Bibliográfiai részletek
Szerzők: Boriani Giuseppe
Vitolo Marco
Malavasi Vincenzo L.
Proietti Marco
Fantecchi Elisa
Diemberger Igor
Fauchier Laurent
Marin Francisco
Nabauer Michael
Potpara Tatjana S.
Dan Gheorghe-Andrei
Kalarus Zbigniew
Tavazzi Luigi
Maggioni Aldo Pietro
Lane Deirdre A.
Lip Gregory Y. H.
Kollaborációs szervezet: ESC-EHRA EORP-AF Long-Term General Registry Investigators
Szili-Török Tamás
et al
Dokumentumtípus: Cikk
Megjelent: 2022
Sorozat:EUROPEAN JOURNAL OF PREVENTIVE CARDIOLOGY 29 No. 15
Tárgyszavak:
doi:10.1093/eurjpc/zwac115

mtmt:36898005
Online Access:http://publicatio.bibl.u-szeged.hu/38936
LEADER 03329nab a2200433 i 4500
001 publ38936
005 20260203091141.0
008 260203s2022 hu o 000 eng d
022 |a 2047-4873 
024 7 |a 10.1093/eurjpc/zwac115  |2 doi 
024 7 |a 36898005  |2 mtmt 
040 |a SZTE Publicatio Repozitórium  |b hun 
041 |a eng 
100 1 |a Boriani Giuseppe 
245 1 0 |a Impact of anthropometric factors on outcomes in atrial fibrillation patients   |h [elektronikus dokumentum] :  |b analysis on 10 220 patients from the European Society of Cardiology (ESC)-European Heart Rhythm Association (EHRA) EurObservational Research Programme on Atrial Fibrillation (EORP-AF) general long-term registry /  |c  Boriani Giuseppe 
260 |c 2022 
300 |a 1967-1981 
490 0 |a EUROPEAN JOURNAL OF PREVENTIVE CARDIOLOGY  |v 29 No. 15 
520 3 |a To investigate the association of anthropometric parameters [height, weight, body mass index (BMI), body surface area (BSA), and lean body mass (LBM)] with outcomes in atrial fibrillation (AF).Ten-thousand two-hundred twenty patients were enrolled [40.3% females, median age 70 (62-77) years, followed for 728 (interquartile range 653-745) days]. Sex-specific tertiles were considered for the five anthropometric variables. At the end of follow-up, survival free from all-cause death was worse in the lowest tertiles for all the anthropometric variables analyzed. On multivariable Cox regression analysis, an independent association with all-cause death was found for the lowest vs. middle tertile when body weight (hazard ratio [HR] 1.66, 95%CI 1.23-2.23), BMI (HR 1.65, 95%CI 1.23-2.21), and BSA (HR 1.49, 95%CI 1.11-2.01) were analysed in female sex, as well as for body weight in male patients (HR 1.61, 95%CI 1.25-2.07). Conversely, the risk of MACE was lower for the highest tertile (vs. middle tertile) of BSA and LBM in males and for the highest tertile of weight and BSA in female patients. A higher occurrence of haemorrhagic events was found for female patients in the lowest tertile of height [odds ratio (OR) 1.90, 95%CI 1.23-2.94] and LBM (OR 2.13, 95%CI 1.40-3.26).In AF patients height, weight, BMI, BSA, and LBM were associated with clinical outcomes, with all-cause death being higher for patients presenting lower values of these variables, i.e. in the lowest tertiles of distribution. The anthropometric variables independently associated with other outcomes were also different between male and female subjects. 
650 4 |a Klinikai orvostan 
700 0 1 |a Vitolo Marco  |e aut 
700 0 1 |a Malavasi Vincenzo L.  |e aut 
700 0 1 |a Proietti Marco  |e aut 
700 0 1 |a Fantecchi Elisa  |e aut 
700 0 1 |a Diemberger Igor  |e aut 
700 0 1 |a Fauchier Laurent  |e aut 
700 0 1 |a Marin Francisco  |e aut 
700 0 1 |a Nabauer Michael  |e aut 
700 0 1 |a Potpara Tatjana S.  |e aut 
700 0 1 |a Dan Gheorghe-Andrei  |e aut 
700 0 1 |a Kalarus Zbigniew  |e aut 
700 0 1 |a Tavazzi Luigi  |e aut 
700 0 1 |a Maggioni Aldo Pietro  |e aut 
700 0 1 |a Lane Deirdre A.  |e aut 
700 0 1 |a Lip Gregory Y. H.  |e aut 
700 0 2 |a Kollaborációs szervezet: ESC-EHRA EORP-AF Long-Term General Registry Investigators  |e aut 
700 0 2 |a Szili-Török Tamás  |e aut 
700 0 2 |a et al.  |e aut 
856 4 0 |u http://publicatio.bibl.u-szeged.hu/38936/1/Boriani.pdf  |z Dokumentum-elérés